[Event "Rheinland Pfalz Seniors op"]
[Site "Altenkirchen"]
[Date "2023.09.12"]
[Round "8"]
[White "Goris, Ton"]
[Black "Schwickert, Michael"]
[Result "0-1"]
[WhiteElo "1898"]
[BlackElo "1874"]
[PlyCount "82"]
[EventDate "2023.09.05"]
[EventType "swiss"]
[EventRounds "9"]
[EventCountry "GER"]
[SourceTitle "EXT 2024"]
[Source "ChessBase"]
[SourceDate "2023.10.10"]
[SourceVersion "1"]
[SourceVersionDate "2023.10.10"]
[SourceQuality "1"]

1. e4 Nf6 2. e5 Nd5 3. d4 d6 4. c4 Nb6 5. f4 dxe5 6. fxe5 Nc6 7. Be3 Bf5 8. Nc3 e6 9. a3 Be7 10. Nf3 Bg4 11. c5 Nd5 12. Nxd5 Qxd5 13. Be2 Qe4 14. Qd3 Bxf3 15. gxf3 Qxd3 16. Bxd3 0-0-0 17. Be4 Nxd4 18. b4 Bh4+ 19. Kf1 Nb5 20. Kg2 Nc3 21. Bc2 Rd5 22. f4 Rhd8 23. Kf3 g6 24. a4 R5d7 25. b5 c6 26. bxc6 bxc6 27. Ra3 Nd5 28. Rb1 Rb7 29. Rxb7 Kxb7 30. Rb3+ Kc7 31. Bd2 Rb8 32. Ba5+ Kc8 33. Rd3 Be7 34. Bb3 Kd7 35. Bxd5 exd5 36. Rc3 Rb2 37. h3 Ke6 38. Bc7 Kf5 39. Bd6 Bd8 40. Rd3 Bh4 41. Bc7 Rf2+ 0-1

[Event "Rheinland Pfalz Seniors op"]
[Site "Altenkirchen"]
[Date "2023.09.11"]
[Round "7"]
[White "Loehr, Hans Gerd"]
[Black "Goris, Ton"]
[Result "1/2-1/2"]
[WhiteElo "1799"]
[BlackElo "1898"]
[PlyCount "120"]
[EventDate "2023.09.05"]
[EventType "swiss"]
[EventRounds "9"]
[EventCountry "GER"]
[SourceTitle "EXT 2024"]
[Source "ChessBase"]
[SourceDate "2023.10.10"]
[SourceVersion "1"]
[SourceVersionDate "2023.10.10"]
[SourceQuality "1"]

1. e4 e6 2. d4 d5 3. Bd3 dxe4 4. Bxe4 Nf6 5. Bf3 Be7 6. Ne2 0-0 7. 0-0 c5 8. c3 Nc6 9. dxc5 Bxc5 10. Bf4 e5 11. Bxc6 exf4 12. Bf3 Qc7 13. Nd2 Be6 14. Nb3 Rad8 15. Qc2 Bb6 16. Rad1 g6 17. Qc1 g5 18. h3 Bf5 19. Ned4 Bg6 20. Rfe1 a6 21. Re2 Rfe8 22. Rde1 Rxe2 23. Rxe2 Bxd4 24. cxd4 Qxc1+ 25. Nxc1 Rxd4 26. Re7 b5 27. Nb3 Rd6 28. Ra7 Be4 29. Nc5 Bxf3 30. gxf3 Rc6 31. Nxa6 Rc2 32. Nb4 Rxb2 33. a3 Rb3 34. Kg2 Rc3 35. Ra6 Kg7 36. Nc6 Nd7 37. Nd4 Rc5 38. Ra5 Ne5 39. Rxb5 Rxb5 40. Nxb5 Kf6 41. a4 Nc6 42. h4 h6 43. Kh3 Ke6 44. Kg4 Ne5+ 45. Kh5 gxh4 46. Kxh4 Nxf3+ 47. Kg4 Ne5+ 48. Kxf4 Nc6 49. Kg4 f5+ 50. Kh5 Ne5 51. Nd4+ Kd5 52. Nxf5 Nd3 53. f3 Ne5 54. f4 Nd3 55. Ne3+ Ke4 56. f5 Kxe3 57. f6 Kd4 58. f7 Nf4+ 59. Kxh6 Ne6 60. Kg6 Kc5 1/2-1/2

[Event "Rheinland Pfalz Seniors op"]
[Site "Altenkirchen"]
[Date "2023.09.08"]
[Round "4"]
[White "Goris, Ton"]
[Black "Janssens, Manu"]
[Result "1/2-1/2"]
[WhiteElo "1898"]
[BlackElo "1772"]
[PlyCount "45"]
[EventDate "2023.09.05"]
[EventType "swiss"]
[EventRounds "9"]
[EventCountry "GER"]
[SourceTitle "EXT 2024"]
[Source "ChessBase"]
[SourceDate "2023.10.10"]
[SourceVersion "1"]
[SourceVersionDate "2023.10.10"]
[SourceQuality "1"]

1. e4 e6 2. d4 d5 3. e5 c5 4. c3 Nc6 5. Nf3 Bd7 6. a3 c4 7. Nbd2 f6 8. b3 b5 9. b4 Qc7 10. Qe2 g6 11. exf6 Nxf6 12. Ne5 Bg7 13. g3 0-0 14. Bg2 a5 15. Rb1 axb4 16. axb4 Ra2 17. 0-0 Nxd4 18. cxd4 c3 19. Qd3 cxd2 20. Bxd2 Qc2 21. Be3 Qxd3 22. Nxd3 Ng4 23. Nc5 1/2-1/2

[Event "Rheinland Pfalz Seniors op"]
[Site "Altenkirchen"]
[Date "2023.09.05"]
[Round "1"]
[White "Schulze Forsthoevel, Manfred"]
[Black "Goris, Ton"]
[Result "0-1"]
[WhiteElo "1578"]
[BlackElo "1898"]
[PlyCount "70"]
[EventDate "2023.09.05"]
[EventType "swiss"]
[EventRounds "9"]
[EventCountry "GER"]
[SourceTitle "EXT 2024"]
[Source "ChessBase"]
[SourceDate "2023.10.10"]
[SourceVersion "1"]
[SourceVersionDate "2023.10.10"]
[SourceQuality "1"]

1. d4 e6 2. Nf3 c5 3. Bg5 Nf6 4. e3 cxd4 5. exd4 Be7 6. c3 Nc6 7. Bd3 h6 8. Bf4 d5 9. Ne5 Nxe5 10. Bxe5 0-0 11. Nd2 b6 12. Qe2 Bb7 13. 0-0 Bd6 14. Nf3 Bxe5 15. Nxe5 Nd7 16. f4 Nxe5 17. fxe5 Qe7 18. Rae1 Bc6 19. Rf2 a6 20. a3 Qd7 21. Bxa6 b5 22. Bxb5 Bxb5 23. Qe3 Rae8 24. Qh3 Qe7 25. Rd1 f5 26. exf6 Rxf6 27. Rxf6 Qxf6 28. Qf3 Qxf3 29. gxf3 Be2 30. Rb1 Bxf3 31. b4 Ra8 32. b5 Rxa3 33. b6 Ra8 34. Kf2 Be4 35. Ke3 Bxb1 0-1

[Event "Bodensee Seniors op"]
[Site "Bregenz"]
[Date "2023.05.18"]
[Round "6"]
[White "Goris, Ton"]
[Black "Vilerte, Tamara"]
[Result "1/2-1/2"]
[WhiteElo "1895"]
[BlackElo "1970"]
[PlyCount "35"]
[EventDate "2023.05.13"]
[EventType "swiss"]
[EventRounds "7"]
[EventCountry "AUT"]
[SourceTitle "CBM 214 Extra"]
[Source "ChessBase"]
[SourceDate "2023.07.31"]
[SourceVersion "1"]
[SourceVersionDate "2023.07.31"]
[SourceQuality "1"]

1. e4 c5 2. c3 e6 3. d4 d5 4. e5 Nc6 5. Nf3 Qc7 6. Bd3 cxd4 7. cxd4 Nb4 8. Nc3 Nxd3+ 9. Qxd3 Bd7 10. 0-0 Ne7 11. Be3 Rc8 12. Nb5 Bxb5 13. Qxb5+ Qc6 14. Qxc6+ Rxc6 15. Rfc1 h6 16. Bd2 Rxc1+ 17. Rxc1 Nc6 18. b4 1/2-1/2

[Event "Bodensee op Seniors 6th"]
[Site "Bregenz"]
[Date "2022.05.28"]
[Round "7"]
[White "Goris, Ton"]
[Black "Guenther, Manfred"]
[Result "1-0"]
[WhiteElo "1922"]
[BlackElo "1797"]
[PlyCount "117"]
[EventDate "2022.05.22"]
[EventType "swiss"]
[EventRounds "7"]
[EventCountry "AUT"]
[SourceTitle "CBM 208 Extra"]
[Source "ChessBase"]
[SourceDate "2022.07.31"]
[SourceVersion "1"]
[SourceVersionDate "2022.07.31"]
[SourceQuality "1"]

1. d4 d5 2. e4 dxe4 3. Nc3 Nf6 4. f3 exf3 5. Nxf3 e6 6. Bc4 c6 7. 0-0 Be7 8. Bg5 0-0 9. Qe2 Nbd7 10. Rad1 Nb6 11. Bb3 Nbd5 12. Ne5 Nxc3 13. bxc3 Nd5 14. Bd2 Bg5 15. c4 Nb6 16. c3 Bxd2 17. Rxd2 Nd7 18. Nf3 a5 19. a4 Nf6 20. Ba2 Bd7 21. Rb1 Bc8 22. Ne5 Qc7 23. c5 Nd5 24. Bxd5 exd5 25. Rb6 Re8 26. Qf2 Be6 27. Rdb2 Ra7 28. R2b3 f6 29. Nf3 Bc8 30. Rb1 Bf5 31. Re1 Rxe1+ 32. Qxe1 Qd7 33. Rb2 Ra8 34. Re2 Kf7 35. Nd2 Bc2 36. Nc4 dxc4 37. Rxc2 Re8 38. Qf1 Qe6 39. Rb2 Re7 40. Rf2 Qe3 41. Qxc4+ Kf8 42. Qb3 g6 43. Qc2 Kg7 44. Qd2 Qe6 45. Qf4 f5 46. g4 Qe1+ 47. Kg2 Qe4+ 48. Qxe4 fxe4 49. Re2 g5 50. Re3 Kf6 51. c4 h6 52. Kf2 Re8 53. Rb3 Re7 54. Ke3 Kf7 55. Rb1 Kf6 56. Rf1+ Kg7 57. Rf5 Re6 58. d5 Re7 59. Rf1 1-0

[Event "Guernsey op 45th"]
[Site "Vale"]
[Date "2019.10.24"]
[Round "5"]
[White "Murray, John Stephen"]
[Black "Goris, Ton"]
[Result "0-1"]
[WhiteElo "1736"]
[BlackElo "1913"]
[PlyCount "90"]
[EventDate "2019.10.20"]
[EventType "swiss"]
[EventRounds "7"]
[EventCountry "GCI"]
[SourceTitle "EXT 2021"]
[Source "ChessBase"]
[SourceDate "2020.10.23"]
[SourceVersion "1"]
[SourceVersionDate "2020.10.23"]
[SourceQuality "1"]

1. e4 e6 2. d4 d5 3. Nd2 Nf6 4. e5 Nfd7 5. Bd3 c5 6. c3 Nc6 7. Ne2 cxd4 8. cxd4 f6 9. exf6 Nxf6 10. Nf3 Bd6 11. 0-0 0-0 12. Re1 e5 13. dxe5 Nxe5 14. Nxe5 Bxe5 15. Ng3 Qd6 16. Qc2 Bd7 17. Bg5 Rac8 18. Qd2 Ng4 19. Re2 h6 20. Bh4 g5 21. Bxg5 hxg5 22. Qxg5+ Bg7 23. h3 Nf6 24. Nh5 Nxh5 25. Qxh5 Rf6 26. Rae1 Rh6 27. Qg5 Rf8 28. Re7 Rf7 29. Rxf7 Kxf7 30. Re3 Rf6 31. Rg3 Bf8 32. Re3 Be6 33. Qh5+ Ke7 34. Qh7+ Rf7 35. Qh4+ Kd7 36. Qa4+ Kc7 37. Qxa7 Bd7 38. Qa5+ Kb8 39. Qd8+ Bc8 40. Qe8 Rc7 41. g3 Bg7 42. b3 Bd4 43. Rf3 Re7 44. Qg8 Rg7 45. Qe8 Rxg3+ 0-1

[Event "Guernsey op 45th"]
[Site "Vale"]
[Date "2019.10.20"]
[Round "1"]
[White "Collier, David"]
[Black "Goris, Ton"]
[Result "1/2-1/2"]
[WhiteElo "2009"]
[BlackElo "1913"]
[PlyCount "80"]
[EventDate "2019.10.20"]
[EventType "swiss"]
[EventRounds "7"]
[EventCountry "GCI"]
[SourceTitle "EXT 2021"]
[Source "ChessBase"]
[SourceDate "2020.10.23"]
[SourceVersion "1"]
[SourceVersionDate "2020.10.23"]
[SourceQuality "1"]

1. d4 e6 2. Nf3 c5 3. c4 cxd4 4. Nxd4 Nc6 5. Nc2 Nf6 6. Nc3 d6 7. b3 Be7 8. g3 0-0 9. Bg2 a6 10. 0-0 Qc7 11. Bb2 Rb8 12. a4 Rd8 13. Ne3 b6 14. Rc1 Qd7 15. Ba3 Bb7 16. Rc2 Na5 17. Rd2 Bxg2 18. Nxg2 Nb7 19. e4 Qc7 20. Ne3 Nc5 21. f3 Qc8 22. Kg2 g6 23. Re1 h5 24. Qc2 Kg7 25. Bb2 Kh7 26. Red1 Ne8 27. Kg1 Bg5 28. f4 Be7 29. Rf1 Qb7 30. f5 Bf6 31. fxg6+ fxg6 32. Rdf2 Kg7 33. Rxf6 Nxf6 34. Ncd5 exd5 35. Bxf6+ Kh7 36. Bxd8 Rxd8 37. Nxd5 Qg7 38. Nf6+ Kh8 39. e5 dxe5 40. b4 Nd3 1/2-1/2

[Event "Guernsey op 44th"]
[Site "Vale"]
[Date "2018.10.27"]
[Round "7"]
[White "Goris, Ton"]
[Black "Campbell, Ian"]
[Result "1-0"]
[WhiteElo "1922"]
[BlackElo "1969"]
[PlyCount "86"]
[EventDate "2018.10.21"]
[EventType "swiss"]
[EventRounds "7"]
[EventCountry "GCI"]
[SourceTitle "CBM 187 Extra"]
[Source "ChessBase"]
[SourceDate "2018.11.04"]
[SourceVersion "1"]
[SourceVersionDate "2018.11.04"]
[SourceQuality "1"]

1. e4 g6 2. d4 Bg7 3. Nc3 d6 4. f4 e6 5. Nf3 Ne7 6. Be3 a6 7. Qd2 Nd7 8. Bd3 Nf6 9. h3 b5 10. a3 Bb7 11. 0-0 Qd7 12. Nh4 d5 13. e5 Ne4 14. Nxe4 dxe4 15. Be2 Rd8 16. Rad1 0-0 17. g4 f6 18. Rf2 Nd5 19. c3 Qe7 20. Ng2 fxe5 21. fxe5 Nxe3 22. Rxf8+ Bxf8 23. Qxe3 Bd5 24. g5 c5 25. h4 cxd4 26. cxd4 Rc8 27. Rc1 Rxc1+ 28. Qxc1 Qa7 29. Qe3 Bg7 30. Bg4 Qc7 31. Nf4 Qc4 32. b4 Kf7 33. h5 gxh5 34. Nxh5 Qc2 35. Qf2+ Qxf2+ 36. Kxf2 h6 37. Nxg7 Kxg7 38. gxh6+ Kxh6 39. Ke3 Kg5 40. Bh3 Kg6 41. Kf4 e3 42. Kxe3 Kg5 43. Bf1 Bb3 1-0

[Event "Bad Woerishofen op 34th"]
[Site "Bad Woerishofen"]
[Date "2018.03.03"]
[Round "9"]
[White "Goris, Ton"]
[Black "Hohler, Peter"]
[Result "1/2-1/2"]
[WhiteElo "1939"]
[BlackElo "2105"]
[PlyCount "32"]
[EventDate "2018.02.23"]
[EventType "swiss"]
[EventRounds "9"]
[EventCountry "GER"]
[SourceTitle "EXT 2019"]
[Source "ChessBase"]
[SourceDate "2018.10.10"]
[SourceVersion "1"]
[SourceVersionDate "2018.10.10"]
[SourceQuality "1"]

1. e4 e5 2. d4 exd4 3. Qxd4 Nc6 4. Qe3 Nf6 5. Nc3 Bb4 6. Bd2 0-0 7. 0-0-0 Re8 8. Qg3 d6 9. f3 Be6 10. Nge2 Kh8 11. a3 Ba5 12. Nf4 Bd7 13. Bc4 Ne5 14. Ba2 b5 15. Ncd5 Bxd2+ 16. Rxd2 Nxd5 1/2-1/2

[Event "Bad Woerishofen op 34th"]
[Site "Bad Woerishofen"]
[Date "2018.02.23"]
[Round "1"]
[White "Goris, Ton"]
[Black "Thiel, Harry"]
[Result "1-0"]
[WhiteElo "1939"]
[BlackElo "1611"]
[PlyCount "77"]
[EventDate "2018.02.23"]
[EventType "swiss"]
[EventRounds "9"]
[EventCountry "GER"]
[SourceTitle "EXT 2019"]
[Source "ChessBase"]
[SourceDate "2018.10.10"]
[SourceVersion "1"]
[SourceVersionDate "2018.10.10"]
[SourceQuality "1"]

1. e4 e5 2. d4 exd4 3. Qxd4 Nc6 4. Qe3 Be7 5. Nc3 Nf6 6. Bc4 0-0 7. Bd2 b6 8. 0-0-0 Bc5 9. Qg3 Bd4 10. Nge2 Bxc3 11. Nxc3 Ne5 12. Qxe5 d6 13. Qg3 Bb7 14. Bg5 h6 15. Bxh6 Nh5 16. Qg5 Qxg5+ 17. Bxg5 g6 18. Nd5 Bxd5 19. Bxd5 Rac8 20. g4 Ng7 21. Bc6 Ne6 22. Be7 Nc5 23. Bxf8 Kxf8 24. b4 Ne6 25. Bd7 Ra8 26. Bxe6 fxe6 27. h4 Kf7 28. h5 g5 29. f4 Kf6 30. fxg5+ Kxg5 31. h6 e5 32. h7 Rh8 33. Rdf1 Kg6 34. Rf5 c5 35. g5 cxb4 36. Rf6+ Kg7 37. Rxd6 Rxh7 38. Rd7+ Kg6 39. Rdxh7 1-0

[Event "Guernsey op 43rd"]
[Site "Vale"]
[Date "2017.10.21"]
[Round "7"]
[White "Goris, Ton"]
[Black "Van der Giessen, Ada Leona"]
[Result "1-0"]
[WhiteElo "2006"]
[BlackElo "1821"]
[PlyCount "183"]
[EventDate "2017.10.15"]
[EventType "swiss"]
[EventRounds "7"]
[EventCountry "GCI"]
[SourceTitle "CBM 181 Extra"]
[Source "ChessBase"]
[SourceDate "2017.12.12"]
[SourceVersion "1"]
[SourceVersionDate "2017.12.12"]
[SourceQuality "1"]

1. e4 c5 2. c3 d5 3. exd5 Qxd5 4. d4 e5 5. dxe5 Qxe5+ 6. Be2 Nc6 7. Nf3 Qd6 8. Qc2 Nf6 9. 0-0 Be7 10. Na3 0-0 11. Bg5 Be6 12. Rad1 Qc7 13. Bh4 a6 14. Bd3 h6 15. Bc4 Bxc4 16. Nxc4 Rad8 17. Bg3 Qc8 18. Nb6 Qg4 19. h3 Qe4 20. Qxe4 Nxe4 21. Bc7 Rxd1 22. Rxd1 Bd8 23. Bxd8 Rxd8 24. Rxd8+ Nxd8 25. Ne5 f6 26. Ned7 Ne6 27. f3 Nd6 28. Kf2 Kf7 29. Na4 c4 30. Ndb6 Ke7 31. g3 Kd8 32. b3 cxb3 33. axb3 Nc8 34. Ke3 Nxb6 35. Nxb6 Kc7 36. Nc4 b6 37. f4 b5 38. Nd2 f5 39. b4 Kd6 40. Nf3 Nc7 41. Nh4 Ke6 42. Kd4 g5 43. fxg5 hxg5 44. Ng2 Ne8 45. h4 Kf6 46. Kc5 Nc7 47. h5 Ne6+ 48. Kb6 f4 49. gxf4 Nxf4 50. Ne3 Nxh5 51. Kxa6 Ke5 52. Kxb5 Kf4 53. Nf1 Ng3 54. Nxg3 Kxg3 55. c4 Kf3 56. c5 g4 57. c6 g3 58. c7 g2 59. c8Q g1Q 60. Qf5+ Ke2 61. Qe4+ Kd2 62. Qd5+ Ke2 63. Kc6 Qg6+ 64. Kb7 Qg7+ 65. Kb6 Qf6+ 66. Qc6 Qd8+ 67. Ka6 Qf8 68. b5 Qa3+ 69. Kb7 Qe7+ 70. Qc7 Qe4+ 71. Qc6 Qe7+ 72. Ka6 Qa3+ 73. Kb6 Qe7 74. Qc2+ Ke1 75. Qc1+ Ke2 76. Ka6 Qe8 77. Qc6 Qe7 78. b6 Qa3+ 79. Kb7 Qe7+ 80. Qc7 Qe4+ 81. Qc6 Qe7+ 82. Kb8 Qf8+ 83. Qc8 Qd6+ 84. Ka7 Qe7+ 85. b7 Qa3+ 86. Kb8 Qd6+ 87. Qc7 Qf8+ 88. Ka7 Qa3+ 89. Kb6 Qb4+ 90. Ka6 Qa3+ 91. Qa5 Qd6+ 92. Ka7 1-0

[Event "Guernsey op 43rd"]
[Site "Vale"]
[Date "2017.10.17"]
[Round "3"]
[White "Winter, Kevin"]
[Black "Goris, Ton"]
[Result "1/2-1/2"]
[WhiteElo "1774"]
[BlackElo "2006"]
[PlyCount "33"]
[EventDate "2017.10.15"]
[EventType "swiss"]
[EventRounds "7"]
[EventCountry "GCI"]
[SourceTitle "CBM 181 Extra"]
[Source "ChessBase"]
[SourceDate "2017.12.12"]
[SourceVersion "1"]
[SourceVersionDate "2017.12.12"]
[SourceQuality "1"]

1. e4 e6 2. d3 d5 3. Nd2 Nf6 4. Ngf3 Nc6 5. Be2 Bc5 6. 0-0 0-0 7. c3 dxe4 8. dxe4 Qe7 9. h3 Rd8 10. Qc2 a6 11. a4 h6 12. b4 Bd6 13. Nc4 e5 14. Nxd6 cxd6 15. Be3 Be6 16. b5 Nb8 17. Nd2 1/2-1/2

[Event "Guernsey op 42nd"]
[Site "Vale"]
[Date "2016.10.19"]
[Round "4"]
[White "Goris, Ton"]
[Black "Morcom, Huw"]
[Result "1-0"]
[WhiteElo "2005"]
[BlackElo "1961"]
[PlyCount "63"]
[EventDate "2016.10.16"]
[EventType "swiss"]
[EventRounds "7"]
[EventCountry "GCI"]
[SourceTitle "CBM 175 Extra"]
[Source "ChessBase"]
[SourceDate "2016.12.12"]
[SourceVersion "1"]
[SourceVersionDate "2016.12.12"]
[SourceQuality "1"]

1. e4 c5 2. c3 d6 3. d4 Nf6 4. Bd3 Nbd7 5. Nf3 e5 6. 0-0 Be7 7. Re1 0-0 8. Nbd2 a6 9. a4 cxd4 10. cxd4 exd4 11. Nxd4 Ne5 12. Bb1 Bg4 13. Qb3 Qc7 14. h3 Bd7 15. f4 Nc6 16. N2f3 Na5 17. Qd3 Qc4 18. Qe3 Qc5 19. b3 Rac8 20. Bd2 Nc6 21. Rc1 Qh5 22. Bd3 Nxd4 23. Nxd4 Rxc1+ 24. Rxc1 Rc8 25. Rxc8+ Bxc8 26. g4 Bxg4 27. hxg4 Nxg4 28. Qe2 Qc5 29. Be3 Nxe3 30. Qxe3 Bf6 31. Nc2 Qc3 32. e5 1-0

[Event "Guernsey op 42nd"]
[Site "Vale"]
[Date "2016.10.16"]
[Round "1"]
[White "Frijling, Jeroen"]
[Black "Goris, Ton"]
[Result "0-1"]
[WhiteElo "1778"]
[BlackElo "2005"]
[PlyCount "72"]
[EventDate "2016.10.16"]
[EventType "swiss"]
[EventRounds "7"]
[EventCountry "GCI"]
[SourceTitle "CBM 175 Extra"]
[Source "ChessBase"]
[SourceDate "2016.12.12"]
[SourceVersion "1"]
[SourceVersionDate "2016.12.12"]
[SourceQuality "1"]

1. d4 Nf6 2. c4 c5 3. d5 e6 4. Nc3 exd5 5. cxd5 d6 6. Nf3 g6 7. g3 Bg7 8. Bg2 0-0 9. 0-0 a6 10. a4 Re8 11. Bf4 Qc7 12. Re1 Nbd7 13. e4 Ng4 14. Qc2 Rb8 15. a5 b5 16. axb6 Rxb6 17. h3 Nge5 18. Nxe5 Nxe5 19. Nd1 f5 20. Kh2 fxe4 21. Bxe4 Nf3+ 22. Bxf3 Rxe1 23. Bd2 Rxb2 24. Qc1 Rxd1 25. Qxd1 Rxd2 26. Qxd2 Bxa1 27. Qe1 Be5 28. Bg4 Bxg4 29. hxg4 Qe7 30. f4 Bf6 31. Qd2 c4 32. g5 c3 33. Qd3 Bg7 34. Kh3 Qc7 35. Qe2 Qc8+ 36. g4 c2 0-1

[Event "Rheinland Pfalz op Seniors 14th"]
[Site "Neustadt an der Weinstrasse"]
[Date "2016.07.16"]
[Round "1"]
[White "Schroeder, Klaus"]
[Black "Goris, Ton"]
[Result "1/2-1/2"]
[WhiteElo "1868"]
[BlackElo "2060"]
[PlyCount "111"]
[EventDate "2016.07.16"]
[EventType "swiss"]
[EventRounds "9"]
[EventCountry "GER"]
[SourceTitle "EXT 2019"]
[Source "ChessBase"]
[SourceDate "2018.10.10"]
[SourceVersion "1"]
[SourceVersionDate "2018.10.10"]
[SourceQuality "1"]

1. d4 c5 2. dxc5 e6 3. Nc3 Bxc5 4. Ne4 d5 5. Nxc5 Qa5+ 6. c3 Qxc5 7. Be3 Qe7 8. Nf3 Nc6 9. Bg5 f6 10. Bh4 Nh6 11. e3 Nf5 12. Bd3 Nxh4 13. Nxh4 f5 14. Nf3 a6 15. Qb3 e5 16. Be2 Be6 17. Qa4 0-0 18. 0-0 b5 19. Qh4 Qxh4 20. Nxh4 e4 21. g3 g5 22. Ng2 Rfc8 23. Rac1 b4 24. Rfd1 bxc3 25. Rxc3 Nb4 26. Rxc8+ Rxc8 27. a3 Rc2 28. axb4 Rxe2 29. Rb1 Bd7 30. h4 h6 31. hxg5 hxg5 32. Rd1 Bc6 33. Rc1 Bb5 34. b3 Kf7 35. Ne1 Rb2 36. Rc7+ Kf6 37. Nc2 Rxb3 38. Rc5 Rb1+ 39. Kh2 Rc1 40. Nd4 Rxc5 41. bxc5 Bd7 42. Nb3 Ke5 43. Kg2 f4 44. gxf4+ gxf4 45. Kf1 fxe3 46. fxe3 Bb5+ 47. Ke1 Bc4 48. Na5 Ba2 49. Kd2 d4 50. Nc6+ Kd5 51. Nb4+ Kxc5 52. Nxa2 dxe3+ 53. Kxe3 a5 54. Kxe4 Kc4 55. Ke3 Kb3 56. Kd2 1/2-1/2

[Event "Bodensee op Seniors"]
[Site "Bregenz"]
[Date "2016.05.04"]
[Round "5"]
[White "Goris, Ton"]
[Black "Jackson, Oliver A"]
[Result "1-0"]
[WhiteElo "2029"]
[BlackElo "2064"]
[PlyCount "83"]
[EventDate "2016.04.30"]
[EventType "swiss"]
[EventRounds "9"]
[EventCountry "AUT"]
[SourceTitle "CBM 172 Extra"]
[Source "ChessBase"]
[SourceDate "2016.06.21"]
[SourceVersion "1"]
[SourceVersionDate "2016.06.21"]
[SourceQuality "1"]

1. e4 c5 2. c3 Nf6 3. e5 Nd5 4. Nf3 e6 5. d4 cxd4 6. cxd4 b6 7. Bc4 Ba6 8. Bxa6 Nxa6 9. 0-0 Be7 10. Nc3 Nac7 11. a3 f5 12. exf6 Nxf6 13. Bf4 Ncd5 14. Nxd5 Nxd5 15. Be5 0-0 16. Qe2 Qe8 17. Rac1 Qg6 18. Rfe1 Bg5 19. Rcd1 Bf4 20. Qe4 Qh5 21. Rd3 Rae8 22. g3 Bxe5 23. Nxe5 Nf6 24. Qe2 Qh3 25. f4 Qh6 26. Rd2 Rc8 27. Rc2 g5 28. fxg5 Qxg5 29. Rxc8 Rxc8 30. Nxd7 Re8 31. Nxf6+ Qxf6 32. Qg4+ Kh8 33. Rf1 Qg7 34. Qxg7+ Kxg7 35. Kf2 e5 36. d5 Kf6 37. Ke3+ Ke7 38. Ke4 Kd6 39. Rf6+ Kc5 40. Rc6+ Kb5 41. Rc2 h5 42. d6 1-0

[Event "Bodensee op Seniors"]
[Site "Bregenz"]
[Date "2016.05.02"]
[Round "3"]
[White "Goris, Ton"]
[Black "Quinn, John M"]
[Result "1/2-1/2"]
[WhiteElo "2029"]
[BlackElo "2136"]
[PlyCount "55"]
[EventDate "2016.04.30"]
[EventType "swiss"]
[EventRounds "9"]
[EventCountry "AUT"]
[SourceTitle "CBM 172 Extra"]
[Source "ChessBase"]
[SourceDate "2016.06.21"]
[SourceVersion "1"]
[SourceVersionDate "2016.06.21"]
[SourceQuality "1"]

1. e4 c5 2. c3 Nf6 3. e5 Nd5 4. Nf3 e6 5. d4 cxd4 6. cxd4 d6 7. a3 Bd7 8. Bd3 Bc6 9. 0-0 Nd7 10. Qe2 Rc8 11. Bd2 dxe5 12. dxe5 Nc5 13. Bc2 a6 14. Nd4 Nf4 15. Bxf4 Qxd4 16. Qd2 Qxd2 17. Nxd2 Be7 18. Rfd1 g5 19. Be3 Bd5 20. Rac1 0-0 21. f4 gxf4 22. Bxf4 Kh8 23. b4 Nd7 24. Be4 Nb6 25. Bxd5 Nxd5 26. Bh6 Rfd8 27. Ne4 f5 28. exf6 1/2-1/2

[Event "Guernsey op 41st"]
[Site "Vale"]
[Date "2015.10.21"]
[Round "4"]
[White "Goris, Ton"]
[Black "Pleasants, Allan J"]
[Result "1-0"]
[WhiteElo "1975"]
[BlackElo "2061"]
[PlyCount "97"]
[EventDate "2015.10.18"]
[EventType "swiss"]
[EventRounds "7"]
[EventCountry "GCI"]
[SourceTitle "EXT 2017"]
[Source "ChessBase"]
[SourceDate "2016.10.25"]
[SourceVersion "1"]
[SourceVersionDate "2016.10.25"]
[SourceQuality "1"]

1. e4 c5 2. c3 d6 3. d4 Nf6 4. Bd3 Nc6 5. d5 Ne5 6. Bc2 g6 7. Bf4 Bg7 8. h3 0-0 9. Nf3 Qb6 10. b3 Nxf3+ 11. Qxf3 e5 12. Be3 Qc7 13. Nd2 b5 14. 0-0 a6 15. c4 Nh5 16. Rfe1 Nf4 17. Rab1 g5 18. Kh2 b4 19. Nf1 Kh8 20. Bc1 Rg8 21. Ng3 g4 22. hxg4 Qd8 23. Nf5 Bxf5 24. exf5 Qh4+ 25. Kg1 Bh6 26. Bd1 Rg7 27. g3 Qh3 28. gxf4 Rxg4+ 29. Qxg4 Rg8 30. Qxg8+ Kxg8 31. Re3 Qxf5 32. Rg3+ Kf8 33. Rb2 exf4 34. Bg4 Qg6 35. Rg2 Qe4 36. Re2 Qb1 37. Re1 Bg7 38. Bd7 Be5 39. Bd2 Qxa2 40. Bxf4 Qxb3 41. Bxe5 dxe5 42. Rxe5 f6 43. Re1 Qc3 44. Re8+ Kf7 45. Re3 Qd4 46. Rg4 Qd1+ 47. Kg2 b3 48. Be8+ Kf8 49. Bh5 1-0

[Event "Rheinland Pfalz op Seniors 13th"]
[Site "Neustadt an der Weinstrasse"]
[Date "2015.07.16"]
[Round "7"]
[White "Goris, Ton"]
[Black "Goris Schouwstra, Adry"]
[Result "1-0"]
[WhiteElo "2040"]
[BlackElo "1861"]
[PlyCount "47"]
[EventDate "2015.07.10"]
[EventType "swiss"]
[EventRounds "7"]
[EventCountry "GER"]
[SourceTitle "EXT 2019"]
[Source "ChessBase"]
[SourceDate "2018.10.10"]
[SourceVersion "1"]
[SourceVersionDate "2018.10.10"]
[SourceQuality "1"]

1. e4 e6 2. d4 d5 3. e5 c5 4. c3 Nc6 5. Nf3 Qb6 6. a3 c4 7. Nbd2 Na5 8. Be2 Bd7 9. Rb1 Ne7 10. h4 h6 11. h5 a6 12. g4 g5 13. hxg6 fxg6 14. b3 cxb3 15. c4 dxc4 16. Nxc4 Nxc4 17. Bxc4 Nd5 18. Rxb3 Qc6 19. Bd3 Ne7 20. Bd2 Qd5 21. Rc3 Bc6 22. Rh3 g5 23. Rc5 Qd7 24. Bxg5 1-0

[Event "Rheinland Pfalz op Seniors 13th"]
[Site "Neustadt an der Weinstrasse"]
[Date "2015.07.15"]
[Round "6"]
[White "Goris, Ton"]
[Black "Hennrich, Reinhard"]
[Result "1-0"]
[WhiteElo "2040"]
[BlackElo "1838"]
[PlyCount "94"]
[EventDate "2015.07.10"]
[EventType "swiss"]
[EventRounds "7"]
[EventCountry "GER"]
[SourceTitle "EXT 2019"]
[Source "ChessBase"]
[SourceDate "2018.10.10"]
[SourceVersion "1"]
[SourceVersionDate "2018.10.10"]
[SourceQuality "1"]

1. e4 c5 2. c3 Nf6 3. e5 Nd5 4. d4 cxd4 5. Nf3 Nc6 6. cxd4 e6 7. a3 Be7 8. Bd3 a6 9. 0-0 b5 10. Nc3 Nxc3 11. bxc3 Bb7 12. Qe2 Na5 13. Nd2 Rc8 14. Bb2 0-0 15. f4 f5 16. Rfc1 g5 17. a4 gxf4 18. axb5 Rf7 19. bxa6 Ba8 20. Rf1 Rg7 21. Nf3 h5 22. Qc2 Nc4 23. Bxc4 Rxc4 24. Ba3 h4 25. Bxe7 Qxe7 26. h3 Rg3 27. Rab1 Rc8 28. a7 Qg7 29. Rb8 Rf8 30. Qb2 Kh7 31. Rf2 Rg8 32. Rxg8 Qxg8 33. Qb8 Kh6 34. Qxg8 Rxg8 35. Kf1 Rc8 36. Ra2 Rxc3 37. Ke2 Kg7 38. Nxh4 Kf7 39. Nf3 Ke7 40. Ra6 Rb3 41. h4 Rb2+ 42. Nd2 Rc2 43. h5 Kf7 44. Kd3 Rc7 45. Nc4 Be4+ 46. Kc3 Rc8 47. Kb4 Ba8 1-0